Courting option (Record no. 69313)

MARC details
000 -LEADER
fixed length control field 01629cam a2200253 4500
001 - CONTROL NUMBER
control field ABS64984
008 - FIXED-LENGTH DATA ELEMENTS--GENERAL INFORMATION
fixed length control field 020121n2001 000 0 eng u
035 ## - SYSTEM CONTROL NUMBER
System control number (Sirsi) u116383
100 ## - MAIN ENTRY--PERSONAL NAME
Personal name Thornton, A
245 ## - TITLE STATEMENT
Title Courting option
260 ## - PUBLICATION, DISTRIBUTION, ETC.
Date of publication, distribution, etc. 2001
490 ## - SERIES STATEMENT
Series statement Building
Volume/sequential designation 266(8214) 14 December 2001, 40-41(2)
520 ## - SUMMARY, ETC.
Summary, etc. Discusses plans to modernise the Technology and Construction Court. Outlines the court's five main roles in construction dispute resolution and highlights its role in the administration and development of construction law. Looks at the proposed review of the construction court, prompted by recommendations in a consultant's report for a new unified commercial court. The first stage is a consultation paper asking for opinions on the proposed location of the courts. A further proposal will follow on how the current specialist courts could share accommodation and resources. The Lord Chancellor will also be promoting London as a centre for international commercial dispute resolution. Urges industry players respond promptly to the consultation and proposals.
590 ## - LOCAL NOTE (RLIN)
Local note ABS
650 ## - SUBJECT ADDED ENTRY--TOPICAL TERM
Topical term or geographic name entry element TECHNOLOGY AND CONSTRUCTION COURT
650 ## - SUBJECT ADDED ENTRY--TOPICAL TERM
Topical term or geographic name entry element CONSTRUCTION DISPUTES
650 ## - SUBJECT ADDED ENTRY--TOPICAL TERM
Topical term or geographic name entry element MANAGEMENT-DISPUTE AVOIDANCE, MANAGEMENT AND RESOLUTION-DISPUTE MANAGEMENT AND RESOLUTION-ARBITRATION
650 ## - SUBJECT ADDED ENTRY--TOPICAL TERM
Topical term or geographic name entry element MANAGEMENT-DISPUTE AVOIDANCE, MANAGEMENT AND RESOLUTION-DISPUTE MANAGEMENT AND RESOLUTION-ALTERNATIVE DISPUTE RESOLUTION-ADJUDICATION
650 ## - SUBJECT ADDED ENTRY--TOPICAL TERM
Topical term or geographic name entry element MEDIATION
650 ## - SUBJECT ADDED ENTRY--TOPICAL TERM
Topical term or geographic name entry element DISPUTE RESOLUTION
9 (RLIN) 6236
650 ## - SUBJECT ADDED ENTRY--TOPICAL TERM
Topical term or geographic name entry element CONSTRUCTION LAW
690 ## - LOCAL SUBJECT ADDED ENTRY--TOPICAL TERM (OCLC, RLIN)
Topical term or geographic name as entry element BUILDING AND CONSTRUCTION-LAW
942 ## - ADDED ENTRY ELEMENTS (KOHA)
Suppress in OPAC 0
Holdings
Withdrawn status Lost status Source of classification or shelving scheme Damaged status Not for loan Home library Current library Shelving location Date acquired Total Checkouts Full call number Barcode Date last seen Copy number Price effective from Koha item type
    Dewey Decimal Classification     London London Journal article 21/01/2002   ABS64984 116383-1001 06/08/2019 1 06/08/2019 Journal article